Normal view MARC view

Entry Personal Name

Number of records used in: 1

001 - CONTROL NUMBER

  • control field: 556767

003 - CONTROL NUMBER IDENTIFIER

  • control field: OSt

005 - DATE AND TIME OF LATEST TRANSACTION

  • control field: 20220930094924.0

008 - FIXED-LENGTH DATA ELEMENTS

  • fixed length control field: 220930|| aca||aabn | a|a d

040 ## - CATALOGING SOURCE

  • Original cataloging agency: OSt
  • Transcribing agency: OSt

100 ## - HEADING--PERSONAL NAME

  • Personal name: दिल्ली विश्वविद्यायल. कला संकाय. संस्कृत

670 ## - SOURCE DATA FOUND

  • Source citation: Work cat.: (OSt)887964: दुबे, सरिता, ले., श्रीभाष्य पर सुदर्शनभट्ट प्रणीत श्रुतप्रकाशिका का अध्ययन (ब्रह्मसूत्र चतुःसूत्री के सन्दर्भ में)।, 2015
Copyright @ Delhi University Library System